Barrios que tejen comunidad : estrategias para fortalecer el tejido social a través del espacio barrial : caso de estudio : barrio Aguila de Oro, Saltillo, Coahuila /

Uloženo v:
Podrobná bibliografie
Hlavní autor: Olguín Díaz, Ana Sofía (autor)
Médium: Diplomová práce Kniha
Jazyk:španělština
Vydáno: Guadalajara, México : edición de autor, 2025
Témata:
On-line přístup:Ver documento en línea
Tagy: Přidat tag
Žádné tagy, Buďte první, kdo vytvoří štítek k tomuto záznamu!

MARC

LEADER 00000nam^a2200000^a^4500
001 000623424
005 20251027000000.0
009 20260310133938.295
037 |a Acervo ITESO - Biblioteca 
041 |a ESP 
090 |a MCE. 83 
100 |a Olguín Díaz, Ana Sofía  |e (autor) 
245 1 0 |a Barrios que tejen comunidad :  |b estrategias para fortalecer el tejido social a través del espacio barrial : caso de estudio : barrio Aguila de Oro, Saltillo, Coahuila /  |c A.S. Olguín Díaz. 
264 1 |a Guadalajara, México :  |b edición de autor,  |c 2025 
300 |a 1 tesis electrónica en línea (204 p.) 
300 |a 1 recurso en línea 
336 |a datos para computadora  |b cod  |2 rdacontenido 
337 |a computadora  |b c  |2 rdamedio 
338 |a recurso en línea  |b cr  |2 rdasoporte 
502 |a ITESO Tesis de Maestría en Ciudad y Espacio Público Sustentable 
649 |a XX 
650 |a Barrios -  |z Saltillo, Coahuila -  |x Condiciones Sociales y Culturales -  |x Tema Principal 
650 |a Vida Pública -  |z Saltillo, Coahuila 
650 |a Comunidad -  |z Saltillo, Coahuila 
650 |a Organización Social -  |z Saltillo, Coahuila 
650 |a Comunicación Grupal y Comunitaria -  |z Saltillo, Coahuila 
650 |a Planeación Urbana -  |z Saltillo, Coahuila 
650 |a Desarrollo Sustentable -  |z Saltillo, Coahuila 
650 |a Desarrollo Urbano -  |z Saltillo, Coahuila -  |x Tema Principal 
650 |a Política Urbana -  |z Saltillo, Coahuila 
650 |a Urbanismo 
856 4 0 |u https://hdl.handle.net/11117/11834  |y Ver documento en línea 
910 |a Fondo General 
920 |a Electrónicos - Tesis del ITESO en Línea 
930 |a Repositorio Institucional 
905 |a 201 
901 |a 623424-1  |b IT2  |c ETI  |u 20251027 
902 |a https://opac.biblio.iteso.mx/vufind/Record/000623424